Trouve le biome Minecraft (Hors biomes du Nether) - Statistiques

Statistiques générales
  • Ce quiz a été pris 44 fois
  • Le résultat moyen est 9 sur 16
Statistiques - réponses
Par images Réponse % Correct
Forêt
93%
Jungle
90%
Océan
90%
Marais
77%
Desert
67%
Plaine
67%
Glace
63%
Forêt de bouleau
53%
Montagne
47%
Mesa
43%
Taiga
43%
Champignon
40%
Cerisier
33%
Forêt Sombre
33%
Savane
30%
Mangrove
17%
Aucun quiz correspondant
Distribution des résultats
% des personnes avec chaque résultat
Percentile par nombre de réponses
Votre historique - résultats
Vous n’avez pas pris ce quiz